00222nam a2200097Ia 4500008004100000041001200041100001400053245004400067260000600111650000700117221030s9999 xx 000 0 und d aEnglish aT Vaughan 0aMultimedia Making It Workcby T Vaughan c0 aMc